Proceedings Of The Vasantrao Naik Memorial (Record no. 3157)

MARC details
000 -LEADER
fixed length control field 00262nam a22001097a 4500
041 ## - LANGUAGE CODE
Language code of text/sound track or separate title ENG
245 ## - TITLE STATEMENT
Title Proceedings Of The Vasantrao Naik Memorial
260 ## - PUBLICATION, DISTRIBUTION, ETC. (IMPRINT)
Place of publication, distribution, etc Akola
Name of publisher, distributor, etc Panjabrao Krishi Vidyapeeth
Date of publication, distribution, etc 1993
300 ## - PHYSICAL DESCRIPTION
Extent 223
650 ## - SUBJECT ADDED ENTRY--TOPICAL TERM
Topical term or geographic name as entry element GAE (37)
856 ## - ELECTRONIC LOCATION AND ACCESS
Uniform Resource Identifier GAE (37)
Holdings
Withdrawn status Lost status Source of classification or shelving scheme Damaged status Not for loan Home library Current library Shelving location Date acquired Total Checkouts Barcode Date last seen Price effective from Koha item type
    Dewey Decimal Classification     College of Agricultural Engineering and Technology, Dapoli , Library College of Agricultural Engineering and Technology, Dapoli , Library Book Cart 17/12/2021   T00184 17/12/2021 17/12/2021 Books

Contact Us: College of Agricultural Engineering and Technology, Dapoli, Dist.- Ratnagiri
Website: https://dbskkv.org Email: caetlibrary2015@gmail.com